000 00645nam a2200241Ia 4500
008 170203s9999 xx 000 0 und d
020 _a156402007x
050 _aFic
050 _bW116c
100 _aWaddell, Martin
245 _aCan't you sleep, Little Bear? /
245 _cMartin Waddell ; illustrated by Barbara Firth.
260 _aCambridge, Mass. :
260 _bCandlewick Press,
260 _c1992
300 _a1 volume (unpaged) :
300 _bcolor illustrations ;
300 _c27 cm
650 _aBears --
650 _aFear of the dark --
650 _xJuvenile fiction.
650 _xJuvenile fiction.
999 _c306536
_d306536